[Event "Berlin Lichtenberger op 18th"]
[Site "Berlin"]
[Date "2019.08.19"]
[Round "3"]
[White "Beyer, Nils"]
[Black "Bruemmel, Arend"]
[Result "0-1"]
[WhiteElo "1832"]
[BlackElo "2129"]
[PlyCount "57"]
[EventDate "2019.08.17"]
[EventType "swiss"]
[EventRounds "9"]
[EventCountry "GER"]
[SourceTitle "EXT 2020"]
[Source "ChessBase"]
[SourceDate "2019.10.17"]
[SourceVersion "1"]
[SourceVersionDate "2019.10.17"]
[SourceQuality "1"]

1. d4 Nf6 2. c4 e6 3. g3 c5 4. d5 exd5 5. cxd5 d6 6. Nc3 g6 7. Bg2 Bg7 8. Nf3 0-0 9. 0-0 Re8 10. h3 a6 11. a4 Ne4 12. Nxe4 Rxe4 13. Nd2 Rb4 14. Qc2 Nd7 15. a5 b5 16. axb6 Nxb6 17. Rb1 Rb8 18. e4 Na4 19. Nc4 Nc3 20. Bd2 Ne2+ 21. Kh2 Nd4 22. Qd3 Rb3 23. Bc3 a5 24. Nd2 R3b5 25. Nf3 Ba6 26. Qd2 Nxf3+ 27. Bxf3 Bxc3 28. Qxc3 Rb3 29. Qe3 0-1

[Event "Berlin Lichtenberger op 18th"]
[Site "Berlin"]
[Date "2019.08.17"]
[Round "1"]
[White "Mueller, Johannes1"]
[Black "Bruemmel, Arend"]
[Result "0-1"]
[WhiteElo "1760"]
[BlackElo "2129"]
[PlyCount "42"]
[EventDate "2019.08.17"]
[EventType "swiss"]
[EventRounds "9"]
[EventCountry "GER"]
[SourceTitle "EXT 2020"]
[Source "ChessBase"]
[SourceDate "2019.10.17"]
[SourceVersion "1"]
[SourceVersionDate "2019.10.17"]
[SourceQuality "1"]

1. e4 Nf6 2. Nc3 d5 3. exd5 Nxd5 4. Nxd5 Qxd5 5. Nf3 Bg4 6. Be2 Nc6 7. 0-0 e6 8. c3 Be7 9. d4 0-0-0 10. Ne5 Nxe5 11. Bxg4 Nxg4 12. Qxg4 h5 13. Qe2 h4 14. Re1 h3 15. f4 hxg2 16. Qxg2 Qh5 17. Bd2 Bd6 18. Re4 Rh6 19. Kh1 Rdh8 20. Re2 Rg6 21. Qf2 Qd5+ 0-1

[Event "Berlin Lichtenberger op 16th"]
[Site "Berlin"]
[Date "2017.08.27"]
[Round "9"]
[White "Bruemmel, Arend"]
[Black "Grassi, Fabrizio"]
[Result "1-0"]
[WhiteElo "2150"]
[BlackElo "1868"]
[PlyCount "57"]
[EventDate "2017.08.19"]
[EventType "swiss"]
[EventRounds "9"]
[EventCountry "GER"]
[SourceTitle "CBM 180 Extra"]
[Source "ChessBase"]
[SourceDate "2017.10.06"]
[SourceVersion "1"]
[SourceVersionDate "2017.10.06"]
[SourceQuality "1"]

1. d4 Nf6 2. Nf3 d5 3. c4 e6 4. Nc3 Nbd7 5. cxd5 exd5 6. Bg5 c6 7. e3 Be7 8. Bd3 Nf8 9. h3 Ne6 10. Bxf6 Bxf6 11. 0-0 0-0 12. Qc2 g6 13. b4 a6 14. a4 Ng7 15. b5 axb5 16. axb5 Rxa1 17. Rxa1 Bf5 18. bxc6 bxc6 19. Bxf5 Nxf5 20. Ra6 Ne7 21. Na4 Qb8 22. Nd2 Kg7 23. Qc5 Rd8 24. Qa5 Qd6 25. Nc5 Rb8 26. Ra7 Rb5 27. Qa3 Qd8 28. Nb7 Qf8 29. Ra8 1-0

[Event "Berlin Lichtenberger op 16th"]
[Site "Berlin"]
[Date "2017.08.24"]
[Round "6"]
[White "Di Candia, Roberto"]
[Black "Bruemmel, Arend"]
[Result "1-0"]
[WhiteElo "1918"]
[BlackElo "2150"]
[PlyCount "120"]
[EventDate "2017.08.19"]
[EventType "swiss"]
[EventRounds "9"]
[EventCountry "GER"]
[SourceTitle "CBM 180 Extra"]
[Source "ChessBase"]
[SourceDate "2017.10.06"]
[SourceVersion "1"]
[SourceVersionDate "2017.10.06"]
[SourceQuality "1"]

1. e4 c5 2. Nf3 d6 3. Bc4 e6 4. Bb3 Nf6 5. d3 Be7 6. 0-0 0-0 7. Re1 Nc6 8. c3 Ne5 9. Bf4 Ng6 10. Bg3 Bd7 11. Nbd2 Bc6 12. Bc2 Re8 13. Nf1 Rc8 14. Ng5 h6 15. Nh3 Nh7 16. f4 Qb6 17. Rb1 d5 18. e5 d4 19. Nf2 Qa5 20. Bb3 dxc3 21. bxc3 Qxc3 22. Qg4 Qd4 23. Ne3 Nhf8 24. f5 Qxg4 25. Nfxg4 exf5 26. Nxf5 Ne6 27. Nxe7+ Rxe7 28. Ne3 Rd7 29. Bc4 Ngf4 30. Bxf4 Nxf4 31. Nf5 Nxg2 32. e6 Nxe1 33. exd7 Nf3+ 34. Kf2 Rd8 35. Ne7+ Kf8 36. Nxc6 bxc6 37. Kxf3 Rxd7 38. Re1 g6 39. Re5 Rd8 40. Rxc5 Ke7 41. Ra5 Rd7 42. h4 h5 43. Re5+ Kf6 44. Rc5 Rd6 45. Ra5 Rd7 46. Ra6 Rc7 47. Bb5 Ke5 48. Rxc6 Re7 49. Rc4 Rb7 50. Re4+ Kf5 51. Bc4 g5 52. hxg5 Kxg5 53. Re5+ Kg6 54. Kg3 Rd7 55. Kh4 f6 56. Re8 Rd4+ 57. Re4 Rd7 58. d4 Rd6 59. d5 Rd7 60. Rd4 Kf5 1-0

[Event "Berlin Lichtenberger op 15th"]
[Site "Berlin"]
[Date "2016.08.19"]
[Round "7"]
[White "Bruemmel, Arend"]
[Black "Schubert, Joachim"]
[Result "1-0"]
[WhiteElo "2152"]
[BlackElo "1889"]
[PlyCount "67"]
[EventDate "2016.08.13"]
[EventType "swiss"]
[EventRounds "9"]
[EventCountry "GER"]
[SourceTitle "CBM 173 Extra"]
[Source "ChessBase"]
[SourceDate "2016.08.29"]
[SourceVersion "1"]
[SourceVersionDate "2016.08.29"]
[SourceQuality "1"]

1. d4 f5 2. g3 Nf6 3. Bg2 c6 4. Nf3 e6 5. 0-0 d5 6. c4 Bd6 7. Nc3 0-0 8. Qc2 Qe8 9. Bf4 Bxf4 10. gxf4 Ne4 11. e3 Rf6 12. Nxe4 fxe4 13. Ne5 Qh5 14. f3 Rh6 15. fxe4 Qxh2+ 16. Kf2 Qh4+ 17. Ke2 Qg3 18. Rf2 Rh2 19. Rg1 Nd7 20. Nf3 Qg4 21. Ke1 Rh6 22. Bh1 Rxh1 23. Rxh1 Nf6 24. Ng5 dxe4 25. Nxe4 Ne8 26. Rxh7 Qg1+ 27. Kd2 Nd6 28. Rfh2 Nf5 29. Rh8+ Kf7 30. Ng5+ Ke7 31. Qd3 Bd7 32. R8h7 Rg8 33. Nf3 Qa1 34. Qa3+ 1-0

[Event "Oberliga Nord W 1516"]
[Site "Germany"]
[Date "2016.04.10"]
[Round "9.5"]
[White "Bierenbroodspot, Paul"]
[Black "Bruemmel, Arend"]
[Result "0-1"]
[WhiteElo "2128"]
[BlackElo "2129"]
[PlyCount "51"]
[EventDate "2015.09.20"]
[EventType "team-tourn"]
[EventRounds "9"]
[EventCountry "GER"]
[SourceTitle "EXT 2017"]
[Source "ChessBase"]
[SourceDate "2016.10.25"]
[SourceVersion "1"]
[SourceVersionDate "2016.10.25"]
[SourceQuality "1"]
[WhiteTeam "Nordhorn Blanke"]
[BlackTeam "Stade"]
[WhiteTeamCountry "GER"]
[BlackTeamCountry "GER"]

1. e4 c5 2. Nf3 d6 3. d4 cxd4 4. Qxd4 Nc6 5. Bb5 Bd7 6. Bxc6 Bxc6 7. Nc3 Nf6 8. Bg5 e6 9. 0-0-0 Be7 10. Rhe1 0-0 11. e5 Bxf3 12. exf6 gxf6 13. Bh6 Bxd1 14. Rxd1 Kh8 15. Bxf8 Qxf8 16. f4 Qg7 17. Qe4 d5 18. Nxd5 f5 19. Qe3 Bd8 20. Nc3 Bf6 21. g3 b5 22. Qc5 a6 23. Rd7 Qg8 24. Nd1 Kg7 25. Nf2 Rd8 26. Ra7 0-1

[Event "Oberliga Nord W 1516"]
[Site "Germany"]
[Date "2016.02.21"]
[Round "7.4"]
[White "Bruemmel, Arend"]
[Black "Margraf, Daniel"]
[Result "0-1"]
[WhiteElo "2129"]
[BlackElo "2220"]
[PlyCount "39"]
[EventDate "2015.09.20"]
[EventType "team-tourn"]
[EventRounds "9"]
[EventCountry "GER"]
[SourceTitle "EXT 2017"]
[Source "ChessBase"]
[SourceDate "2016.10.25"]
[SourceVersion "1"]
[SourceVersionDate "2016.10.25"]
[SourceQuality "1"]
[WhiteTeam "Stade"]
[BlackTeam "Delmenhorst"]
[WhiteTeamCountry "GER"]
[BlackTeamCountry "GER"]

1. d4 Nf6 2. c4 e6 3. Nf3 d5 4. Bg5 Bb4+ 5. Nc3 h6 6. Bxf6 Qxf6 7. Qb3 c5 8. cxd5 exd5 9. dxc5 Nc6 10. e3 0-0 11. Rd1 Be6 12. Qc2 Bxc5 13. a3 Rad8 14. Nb5 Bb6 15. Nbd4 Nxd4 16. Nxd4 Rc8 17. Qd3 Bg4 18. Be2 Bxe2 19. Kxe2 Rfe8 20. Rhe1 0-1

[Event "Oberliga Nord W 1516"]
[Site "Germany"]
[Date "2016.01.17"]
[Round "5.5"]
[White "Giel, Olaf"]
[Black "Bruemmel, Arend"]
[Result "0-1"]
[WhiteElo "2177"]
[BlackElo "2129"]
[PlyCount "76"]
[EventDate "2015.09.20"]
[EventType "team-tourn"]
[EventRounds "9"]
[EventCountry "GER"]
[SourceTitle "CBM 170 Extra"]
[Source "ChessBase"]
[SourceDate "2016.02.25"]
[SourceVersion "1"]
[SourceVersionDate "2016.02.25"]
[SourceQuality "1"]
[WhiteTeam "Bremer SG"]
[BlackTeam "Stade"]
[WhiteTeamCountry "GER"]
[BlackTeamCountry "GER"]

1. d4 d5 2. Nf3 Nf6 3. e3 g6 4. Nbd2 Bg7 5. Be2 0-0 6. b4 Nfd7 7. Bb2 e5 8. dxe5 Nc6 9. b5 Ncxe5 10. Ba3 Nxf3+ 11. Bxf3 Re8 12. Bxd5 Qg5 13. Nf3 Bc3+ 14. Ke2 Qh5 15. Rb1 Nb6 16. Bb3 Bd7 17. Qd3 Ba5 18. c4 Bf5 19. Qd4 Rad8 20. Rbd1 Rxd4 21. Rxd4 Be4 22. Rhd1 Bc3 23. Rd8 Rxd8 24. Rxd8+ Kg7 25. Bf8+ Kf6 26. Re8 Nd7 27. Be7+ Kg7 28. c5 Ne5 29. Bf8+ Kf6 30. Be7+ Kf5 31. h3 Bxf3+ 32. Kf1 Be2+ 33. Kg1 Ke4 34. Bd8 Bxb5 35. Re7 Kd3 36. Bxc7 Bc6 37. Bxe5 Bxe5 38. Rxf7 Qe2 0-1

[Event "Oberliga Nord W 1516"]
[Site "Germany"]
[Date "2015.10.11"]
[Round "2.5"]
[White "Bruemmel, Arend"]
[Black "Kyas, Philipp"]
[Result "0-1"]
[WhiteElo "2129"]
[BlackElo "2076"]
[PlyCount "40"]
[EventDate "2015.09.20"]
[EventType "team-tourn"]
[EventRounds "9"]
[EventCountry "GER"]
[SourceTitle "CBM 170 Extra"]
[Source "ChessBase"]
[SourceDate "2016.02.25"]
[SourceVersion "1"]
[SourceVersionDate "2016.02.25"]
[SourceQuality "1"]
[WhiteTeam "Stade"]
[BlackTeam "Goettingen Tempo"]
[WhiteTeamCountry "GER"]
[BlackTeamCountry "GER"]

1. d4 d5 2. c4 e6 3. Nc3 c5 4. cxd5 exd5 5. Nf3 Nc6 6. g3 Nf6 7. Bg2 Be7 8. 0-0 0-0 9. dxc5 Bxc5 10. Na4 Bd6 11. b3 Re8 12. Nb2 Ne4 13. e3 Bg4 14. Qxd5 Qf6 15. Nd4 Nc3 16. Qc4 Nxd4 17. exd4 Rac8 18. Qd3 Be2 19. Qd2 Bxf1 20. Bxf1 Ne4 0-1

[Event "Berlin Lichtenberger op 14th"]
[Site "Berlin"]
[Date "2015.08.23"]
[Round "9"]
[White "Rudolph, Stephanie"]
[Black "Bruemmel, Arend"]
[Result "0-1"]
[WhiteElo "1910"]
[BlackElo "2154"]
[PlyCount "51"]
[EventDate "2015.08.15"]
[EventType "swiss"]
[EventRounds "9"]
[EventCountry "GER"]
[SourceTitle "EXT 2016"]
[Source "ChessBase"]
[SourceDate "2015.10.08"]
[SourceVersion "1"]
[SourceVersionDate "2015.10.08"]
[SourceQuality "1"]

1. d4 d5 2. Nf3 Nf6 3. e3 g6 4. Bd3 Bg7 5. Nbd2 Nbd7 6. b3 c5 7. Bb2 0-0 8. h3 Re8 9. Ne5 Nxe5 10. dxe5 Nd7 11. f4 Rb8 12. Qe2 Qa5 13. c4 dxc4 14. Bxc4 b5 15. e6 bxc4 16. exd7 Bxd7 17. Bxg7 Kxg7 18. Qxc4 Red8 19. Qc2 Bf5 20. Qb2+ f6 21. g4 Be4 22. Rh2 c4 23. Rc1 cxb3 24. axb3 Rd3 25. Re2 Rdxb3 26. Ra1 0-1

[Event "Berlin Lichtenberger op 14th"]
[Site "Berlin"]
[Date "2015.08.21"]
[Round "7"]
[White "Krefenstein, Sergej"]
[Black "Bruemmel, Arend"]
[Result "1-0"]
[WhiteElo "2184"]
[BlackElo "2154"]
[PlyCount "63"]
[EventDate "2015.08.15"]
[EventType "swiss"]
[EventRounds "9"]
[EventCountry "GER"]
[SourceTitle "EXT 2016"]
[Source "ChessBase"]
[SourceDate "2015.10.08"]
[SourceVersion "1"]
[SourceVersionDate "2015.10.08"]
[SourceQuality "1"]

1. e4 c5 2. Nc3 Nc6 3. f4 g6 4. Nf3 Bg7 5. Bb5 Nh6 6. 0-0 0-0 7. Bxc6 dxc6 8. d3 Bg4 9. h3 Bxf3 10. Qxf3 e6 11. g4 f5 12. g5 Bxc3 13. bxc3 fxe4 14. dxe4 Nf7 15. Qg4 Qa5 16. Bb2 Qb5 17. Rab1 Qc4 18. f5 exf5 19. exf5 Qxg4+ 20. hxg4 Nd6 21. Rbd1 Rad8 22. c4 Nxc4 23. Bf6 Rxd1 24. Rxd1 Nb6 25. Be7 Re8 26. Bxc5 gxf5 27. gxf5 Re5 28. Rd8+ Kf7 29. Rf8+ Kg7 30. f6+ Kg6 31. Rg8+ Kh5 32. Bxb6 1-0

[Event "Berlin Lichtenberger op 14th"]
[Site "Berlin"]
[Date "2015.08.19"]
[Round "5"]
[White "Baier, Reinhard"]
[Black "Bruemmel, Arend"]
[Result "0-1"]
[WhiteElo "1976"]
[BlackElo "2154"]
[PlyCount "62"]
[EventDate "2015.08.15"]
[EventType "swiss"]
[EventRounds "9"]
[EventCountry "GER"]
[SourceTitle "EXT 2016"]
[Source "ChessBase"]
[SourceDate "2015.10.08"]
[SourceVersion "1"]
[SourceVersionDate "2015.10.08"]
[SourceQuality "1"]

1. e4 c5 2. Nf3 d6 3. d4 cxd4 4. Nxd4 Nf6 5. f3 Nc6 6. c4 Qb6 7. Nb5 a6 8. N5a3 g6 9. Nc3 Bg7 10. Na4 Qc7 11. Be3 Nd7 12. Rc1 0-0 13. Qd2 Nc5 14. Nc3 Be6 15. Nd5 Qd8 16. b3 f5 17. exf5 Rxf5 18. Nc2 Rc8 19. Be2 Qf8 20. g4 Rxf3 21. Bxf3 Qxf3 22. Rf1 Qe4 23. Rd1 Ne5 24. Nxe7+ Kh8 25. Nxc8 Ncd3+ 26. Qxd3 Nxd3+ 27. Kd2 Bxc8 28. h3 h5 29. gxh5 Bf5 30. Rg1 Ne5 31. Ne1 Nf3+ 0-1

[Event "Berlin Lichtenberger op 14th"]
[Site "Berlin"]
[Date "2015.08.17"]
[Round "3"]
[White "Malek, Daniel"]
[Black "Bruemmel, Arend"]
[Result "1-0"]
[WhiteElo "2398"]
[BlackElo "2154"]
[PlyCount "91"]
[EventDate "2015.08.15"]
[EventType "swiss"]
[EventRounds "9"]
[EventCountry "GER"]
[SourceTitle "EXT 2016"]
[Source "ChessBase"]
[SourceDate "2015.10.08"]
[SourceVersion "1"]
[SourceVersionDate "2015.10.08"]
[SourceQuality "1"]

1. d4 d5 2. c4 dxc4 3. Nf3 c6 4. e3 Be6 5. Nbd2 Qa5 6. Be2 c3 7. bxc3 Qxc3 8. Rb1 Bc8 9. 0-0 Qa5 10. Nc4 Qc7 11. e4 Nf6 12. Qc2 g6 13. Nce5 Nbd7 14. Nxf7 Kxf7 15. Ng5+ Ke8 16. Ne6 Qd6 17. Bc4 Nb6 18. e5 Bxe6 19. exd6 Bxc4 20. Rxb6 axb6 21. Qxc4 Nd5 22. Re1 Kd7 23. Qe2 exd6 24. Qe6+ Kc7 25. Qf7+ Kb8 26. Re8+ Ka7 27. Rxa8+ Kxa8 28. Bg5 Ka7 29. a4 Ka6 30. h4 Ka7 31. g3 Ka6 32. Kg2 Ka7 33. Kh3 Ka6 34. Kg4 Ka7 35. h5 h6 36. Bf6 gxh5+ 37. Kxh5 Nxf6+ 38. Qxf6 Rg8 39. Qf7 Rh8 40. f4 d5 41. f5 c5 42. Qxd5 cxd4 43. f6 Bc5 44. f7 Ka6 45. g4 Ka5 46. Qc4 1-0

[Event "Berlin Lichtenberger op 13th"]
[Site "Berlin"]
[Date "2014.08.23"]
[Round "8"]
[White "Bruemmel, Arend"]
[Black "Bruedigam, Martin"]
[Result "1/2-1/2"]
[WhiteElo "2132"]
[BlackElo "2342"]
[PlyCount "81"]
[EventDate "2014.08.16"]
[EventType "swiss"]
[EventRounds "9"]
[EventCountry "GER"]
[SourceTitle "CBM 161 Extra"]
[Source "ChessBase"]
[SourceDate "2014.08.29"]
[SourceVersion "1"]
[SourceVersionDate "2014.08.29"]
[SourceQuality "1"]

1. d4 d5 2. c4 c6 3. Nf3 Nf6 4. e3 Bf5 5. Nc3 a6 6. Bd3 Bxd3 7. Qxd3 e6 8. e4 dxe4 9. Nxe4 Nxe4 10. Qxe4 Bb4+ 11. Ke2 Nd7 12. Bg5 Be7 13. Bxe7 Qxe7 14. c5 0-0 15. Rac1 Rae8 16. Rhd1 e5 17. dxe5 Nxc5 18. Qd4 Ne6 19. Qg4 Rd8 20. g3 Rxd1 21. Rxd1 Rd8 22. Rxd8+ Qxd8 23. Qc4 Qb6 24. b3 Qa5 25. Qc2 Kf8 26. Qd2 Qc7 27. Qb4+ Ke8 28. h4 h6 29. Ke3 a5 30. Qc3 Qb6+ 31. Nd4 h5 32. Ke4 Nxd4 33. Qxd4 Qxd4+ 34. Kxd4 b6 35. f3 Ke7 36. g4 Ke6 37. Ke4 g6 38. gxh5 gxh5 39. f4 Ke7 40. f5 f6 41. e6 1/2-1/2

[Event "Berlin Werner Ott op"]
[Site "Berlin"]
[Date "2013.07.14"]
[Round "9"]
[White "Bruemmel, Arend"]
[Black "Peschke, Uwe"]
[Result "1-0"]
[WhiteElo "2111"]
[BlackElo "2025"]
[PlyCount "49"]
[EventDate "2013.07.06"]
[EventType "swiss"]
[EventRounds "9"]
[EventCountry "GER"]
[SourceTitle "CBM 155 Extra"]
[Source "ChessBase"]
[SourceDate "2013.08.26"]
[SourceVersion "1"]
[SourceVersionDate "2013.08.26"]
[SourceQuality "1"]

1. d4 Nf6 2. c4 g6 3. Nc3 d5 4. Bg5 Ne4 5. Bh4 Nxc3 6. bxc3 Bg7 7. e3 c5 8. Nf3 cxd4 9. cxd4 Nc6 10. cxd5 Qxd5 11. Be2 0-0 12. 0-0 Bf5 13. Nd2 Nxd4 14. Bc4 Qd7 15. exd4 Bxd4 16. Nf3 Bxa1 17. Qxa1 Rac8 18. Ne5 Qd6 19. Re1 Be6 20. Bxe6 Qxe6 21. Bxe7 Qxe7 22. Ng4 Qxe1+ 23. Qxe1 Kg7 24. Qd2 Rc7 25. Qh6+ 1-0

[Event "Berlin Werner Ott op"]
[Site "Berlin"]
[Date "2013.07.08"]
[Round "3"]
[White "Bruemmel, Arend"]
[Black "Rabiega, Robert"]
[Result "0-1"]
[WhiteElo "2111"]
[BlackElo "2502"]
[PlyCount "82"]
[EventDate "2013.07.06"]
[EventType "swiss"]
[EventRounds "9"]
[EventCountry "GER"]
[SourceTitle "CBM 155 Extra"]
[Source "ChessBase"]
[SourceDate "2013.08.26"]
[SourceVersion "1"]
[SourceVersionDate "2013.08.26"]
[SourceQuality "1"]

1. d4 Nf6 2. c4 e6 3. Nc3 Bb4 4. e3 d5 5. Bd3 c5 6. Nf3 0-0 7. 0-0 cxd4 8. exd4 dxc4 9. Bxc4 Nbd7 10. a3 Bxc3 11. bxc3 Qc7 12. Qd3 b6 13. Re1 Bb7 14. Ba2 Rac8 15. c4 Ba6 16. Nd2 Rfd8 17. Qe3 b5 18. c5 Bb7 19. Qe2 a6 20. a4 Bc6 21. axb5 axb5 22. f3 Nf8 23. Bb2 Ng6 24. Ne4 Nf4 25. Qe3 N6d5 26. Qd2 Rb8 27. Nd6 Qe7 28. Bb1 Ra8 29. Be4 g6 30. Bc3 Qg5 31. Bxd5 Bxd5 32. Rxa8 Rxa8 33. Kh1 Ra2 34. Bb2 Qxg2+ 35. Qxg2 Nxg2 36. Kxg2 Rxb2+ 37. Kg3 Rb3 38. Rc1 Rxf3+ 39. Kh4 Kg7 40. Nxb5 h6 41. c6 g5+ 0-1

[Event "Oberliga Nord W 1213"]
[Site "Germany"]
[Date "2012.11.11"]
[Round "2.3"]
[White "Bruemmel, Arend"]
[Black "Petzold, Lutz Lukas"]
[Result "0-1"]
[WhiteElo "2106"]
[BlackElo "2269"]
[PlyCount "54"]
[EventDate "2012.10.14"]
[EventType "team-tourn"]
[EventRounds "9"]
[EventCountry "GER"]
[SourceTitle "EXT 2014"]
[Source "ChessBase"]
[SourceDate "2013.11.20"]
[SourceVersion "1"]
[SourceVersionDate "2013.11.20"]
[SourceQuality "1"]
[WhiteTeam "Stade"]
[BlackTeam "Goettingen Tempo"]
[WhiteTeamCountry "GER"]
[BlackTeamCountry "GER"]

1. d4 Nf6 2. c4 g6 3. Nc3 d5 4. Bg5 Ne4 5. Bh4 Nxc3 6. bxc3 Bg7 7. e3 c5 8. Nf3 Nc6 9. Rb1 0-0 10. Qd2 a6 11. cxd5 Qxd5 12. Bd3 Bg4 13. Be2 b5 14. h3 Bf5 15. Rc1 c4 16. 0-0 e5 17. a4 exd4 18. exd4 Rfe8 19. axb5 axb5 20. Ra1 Be4 21. Qg5 Rxa1 22. Rxa1 b4 23. cxb4 Bxf3 24. Bxf3 Qxg5 25. Bxg5 Nxd4 26. Ra6 Re1+ 27. Kh2 Be5+ 0-1

[Event "Oberliga Nord W 1112"]
[Site "Germany"]
[Date "2012.03.18"]
[Round "8.4"]
[White "Bruemmel, Arend"]
[Black "Bogomolow, Sergej"]
[Result "0-1"]
[WhiteElo "2063"]
[BlackElo "2199"]
[PlyCount "88"]
[EventDate "2011.10.02"]
[EventType "team-tourn"]
[EventRounds "9"]
[EventCountry "GER"]
[SourceTitle "EXT 2013"]
[Source "ChessBase"]
[SourceDate "2012.11.22"]
[SourceVersion "1"]
[SourceVersionDate "2012.11.22"]
[SourceQuality "1"]
[WhiteTeam "Stade"]
[BlackTeam "Uelzen Post"]
[WhiteTeamCountry "GER"]
[BlackTeamCountry "GER"]

1. d4 Nf6 2. c4 e6 3. Nf3 b6 4. Nc3 Bb7 5. Bg5 h6 6. Bh4 Bb4 7. e3 c5 8. a3 Bxc3+ 9. bxc3 d6 10. Nd2 Nbd7 11. f3 Qe7 12. Be2 e5 13. d5 g5 14. Bf2 e4 15. 0-0 exf3 16. gxf3 0-0-0 17. Bd3 Ne5 18. Bf5+ Kb8 19. Rb1 Nh5 20. a4 Qf6 21. Be4 Rhg8 22. Kh1 g4 23. fxg4 Nxg4 24. Bg1 Qe5 25. Rf5 Ng3+ 26. hxg3 Qxg3 27. Qe2 Bc8 28. Rf4 Rg5 29. Nf1 Rh5+ 30. Bh2 Qh4 31. a5 Kc7 32. Rxf7+ Bd7 33. axb6+ axb6 34. Bf3 Nf2+ 35. Kg2 Rg8+ 36. Bg3 Nh1 37. Rxd7+ Kxd7 38. Bxh5 Nxg3 39. Nxg3 Rxg3+ 40. Kf1 Qh1+ 41. Kf2 Qh2+ 42. Ke1 Rg1+ 43. Kd2 Qxe2+ 44. Kxe2 Rxb1 0-1

[Event "Oberliga Nord W 1112"]
[Site "Germany"]
[Date "2012.02.05"]
[Round "6.4"]
[White "Bruemmel, Arend"]
[Black "Schulze, Torben"]
[Result "1/2-1/2"]
[WhiteElo "2063"]
[BlackElo "2276"]
[PlyCount "184"]
[EventDate "2011.10.02"]
[EventType "team-tourn"]
[EventRounds "9"]
[EventCountry "GER"]
[SourceTitle "EXT 2013"]
[Source "ChessBase"]
[SourceDate "2012.11.22"]
[SourceVersion "1"]
[SourceVersionDate "2012.11.22"]
[SourceQuality "1"]
[WhiteTeam "Stade"]
[BlackTeam "Hannover"]
[WhiteTeamCountry "GER"]
[BlackTeamCountry "GER"]

1. d4 e6 2. c4 c5 3. Nf3 Nf6 4. g3 cxd4 5. Nxd4 Bb4+ 6. Bd2 Be7 7. Bg2 Nc6 8. Bc3 0-0 9. e4 d5 10. Nxc6 bxc6 11. e5 Nd7 12. 0-0 Ba6 13. b3 Qc7 14. Re1 Rad8 15. Nd2 Nb6 16. Ba5 dxc4 17. Rc1 c5 18. Qh5 cxb3 19. axb3 Bd3 20. Ne4 Rfe8 21. Re3 g6 22. Qh6 Bxe4 23. Rxe4 Rd5 24. h4 Bf8 25. Qe3 Qd7 26. Bf3 Rd3 27. Qf4 Nd5 28. Qg4 f5 29. exf6 Nxf6 30. Qf4 Nxe4 31. Bxe4 Rd1+ 32. Kg2 Rxc1 33. Qxc1 Qd4 34. Qc2 Bg7 35. h5 Rf8 36. hxg6 Rxf2+ 37. Qxf2 Qxe4+ 38. Kh2 hxg6 39. Qxc5 Qe2+ 40. Kg1 Qd1+ 41. Kh2 Qh5+ 42. Qxh5 gxh5 43. g4 hxg4 44. Kg3 Kf7 45. Kxg4 Ke7 46. Bb4+ Kd7 47. Kf4 Kc6 48. Ke4 Kb5 49. Be7 Bc3 50. Bf8 a6 51. Be7 Bb4 52. Bg5 Bd6 53. Bd2 Kc6 54. Bc3 Bf8 55. Bd2 Bg7 56. Be1 Kc5 57. Bd2 Kd6 58. Bb4+ Kd7 59. Bd2 Ke8 60. Bb4 Bf8 61. Bc3 Kf7 62. Bd4 Kg6 63. Be3 Bg7 64. Bf4 Kh5 65. Be5 Bf8 66. Bf6 Kg6 67. Bd8 Kf7 68. Bh4 Ke8 69. Be1 Kd7 70. Bc3 Kc6 71. Bd2 Bd6 72. Be1 Kb5 73. Bd2 Bc7 74. Be1 Ba5 75. Bh4 Kb4 76. Be1+ Kb5 77. Bh4 Bc3 78. Be7 a5 79. Bd6 Be1 80. Be7 Bg3 81. Bf8 Bh2 82. Be7 Bg3 83. Bf8 Bc7 84. Be7 Bb6 85. Ke5 Bc5 86. Bd8 Bb6 87. Be7 Bc5 88. Bh4 Kb4 89. Be1+ Kxb3 90. Bxa5 Kc4 91. Kxe6 Bb4 92. Bxb4 Kxb4 1/2-1/2

[Event "Oberliga Nord W 1112"]
[Site "Germany"]
[Date "2011.10.02"]
[Round "1.4"]
[White "Bauer, Reinhard"]
[Black "Bruemmel, Arend"]
[Result "1-0"]
[WhiteElo "2247"]
[BlackElo "2063"]
[PlyCount "59"]
[EventDate "2011.10.02"]
[EventType "team-tourn"]
[EventRounds "9"]
[EventCountry "GER"]
[SourceTitle "EXT 2013"]
[Source "ChessBase"]
[SourceDate "2012.11.22"]
[SourceVersion "1"]
[SourceVersionDate "2012.11.22"]
[SourceQuality "1"]
[WhiteTeam "Hameln"]
[BlackTeam "Stade"]
[WhiteTeamCountry "GER"]
[BlackTeamCountry "GER"]

1. d4 Nf6 2. Nc3 d5 3. Bg5 Nbd7 4. Qd2 c6 5. f3 g6 6. e4 dxe4 7. fxe4 Bg7 8. e5 Nd5 9. Nxd5 cxd5 10. Nf3 Nf8 11. 0-0-0 Bf5 12. Bd3 Bxd3 13. Qxd3 Ne6 14. Be3 Qa5 15. Kb1 Rc8 16. h4 Rc6 17. h5 Ra6 18. a3 Nd8 19. g4 e6 20. hxg6 hxg6 21. Rxh8+ Bxh8 22. Ng5 Bg7 23. Rf1 Qc7 24. Bd2 Rc6 25. Nh7 Rc4 26. c3 Qb6 27. Qf3 Rc7 28. Bg5 Nc6 29. Nf6+ Kf8 30. Qh3 1-0

[Event "Dresden ZMDI Blitz"]
[Site "Dresden"]
[Date "2011.08.13"]
[Round "8"]
[White "Heinemann, Josefine"]
[Black "Bruemmel, Arend"]
[Result "0-1"]
[WhiteElo "1715"]
[BlackElo "2063"]
[PlyCount "56"]
[EventDate "2011.08.06"]
[EventType "swiss (blitz)"]
[EventRounds "9"]
[EventCountry "GER"]
[SourceTitle "EXT 2022"]
[Source "ChessBase"]
[SourceDate "2021.10.06"]
[SourceVersion "1"]
[SourceVersionDate "2021.10.06"]
[SourceQuality "1"]

1. e4 c5 2. Nf3 d6 3. d4 cxd4 4. Nxd4 Nf6 5. Nc3 a6 6. Be3 e6 7. f3 Be7 8. Qd2 Nc6 9. g4 Nxd4 10. Bxd4 0-0 11. 0-0-0 b5 12. h4 Bb7 13. h5 Nd7 14. Bh3 Ne5 15. Qf2 Qc7 16. f4 Nc4 17. Qe2 b4 18. Nb1 e5 19. Nd2 Nxd2 20. Qxd2 exd4 21. Qxd4 Rfc8 22. Rh2 Qc4 23. g5 Rc7 24. g6 Bxe4 25. gxf7+ Kxf7 26. Qxc4+ Rxc4 27. Re1 d5 28. Rhe2 Ra7 0-1